| 000 | 01679cam a2200409 a 4500 | ||
|---|---|---|---|
| 001 | 108253 | ||
| 005 | 20230410105522.0 | ||
| 008 | 100129s2010 dcua b 000 0 eng | ||
| 035 | _a16075359 | ||
| 010 | _a 2009054249 | ||
| 020 | _a9780821381656 | ||
| 020 | _a0821381652 | ||
| 020 | _a9780821381663 (electronic) | ||
| 020 | _a0821381660 (electronic) | ||
| 035 | _a(OCoLC)ocn449868585 | ||
| 040 |
_aDLC _cDLC _dYDX _dBWX _dYDXCP _dCDX _dDLC |
||
| 043 | _ad------ | ||
| 050 | 1 | 4 |
_aHC 59.7 _bP857 2010 |
| 082 | 0 | 0 | _a338.90091724 |
| 110 | 2 | _aCommission on Growth and Development. | |
| 245 | 1 | 0 |
_aPost-crisis growth in developing countries : _ba special report of the Commission on Growth and Development on the implications of the 2008 financial crisis / _cCommission on Growth and Development. |
| 260 |
_aWashington, DC : _bWorld Bank, _c2010. |
||
| 300 |
_axvii, 76 p. : _bill. (some col.) ; _c28 cm. |
||
| 504 | _aIncludes bibliographical references. | ||
| 505 | 0 | _aIntroduction -- The crisis -- Questioning the growth strategies -- Openness and financial development -- Resilience -- Concluding thoughts. | |
| 651 | 0 |
_aDeveloping countries _xEconomic conditions _y21st century. |
|
| 650 | 0 |
_aEconomic development _zDeveloping countries. |
|
| 650 | 0 |
_aFinancial crises _zDeveloping countries. |
|
| 650 | 0 | _aGlobal Financial Crisis, 2008-2009. | |
| 650 | 4 |
_aDesarrollo Económico _zLos Países en Desarrollo. |
|
| 650 | 4 |
_aDesarrollo Económico _zLos Países en Desarrollo. |
|
| 650 | 4 |
_aLas Crisis Financieras _zLos Países en Desarrollo. |
|
| 650 | 4 | _aCrisis Financiera Mundial, 2008-2009. | |
| 710 | 2 | _aWorld Bank. | |
| 942 |
_2lcc _cbk |
||
| 946 | _aYSL | ||
| 999 |
_c38369 _d38369 |
||